• 首页
  • 本馆介绍
  • 公告通知
  • 最新文献
  • 馆藏检索
  • 电子资源
  • 读者导购
  • 参考咨询
  • 我的图书馆
  • 登录
  • 详细信息显示
  • 放入我的书架
  • 预约/预借图书
  • 作者相关作品
  • 分类相关作品
  • 丛书相关作品
  • 出版社相关作品

书目信息

  • 表格格式
  • 工作单格式
  • 卡片格式
题名:
飞行器动力学与控制Simulink仿真
    
 
作者: 姚红 , 程文华 , 张雅声 编著
分册:  
出版信息: 北京   国防工业出版社  2018.01
页数: 130页
开本: 24cm
丛书名:
单 册:
中图分类: V412.4-39
科图分类:
主题词: 飞行器--姿态飞行控制--动力学--自动控制系统--系统仿真
电子资源:
ISBN: 978-7-118-11476-8
000 01184nam0 2200241 450
001 357
005 20180922085233.47
010    @a978-7-118-11476-8@dCNY60.00
100    @a20180412d2018 em y0chiy50 ea
101 0  @achi
102    @aCN@b110000
105    @ay z 000yy
200 1  @a飞行器动力学与控制Simulink仿真@9fei xing qi dong li xue yu kong zhi Simulink fang zhen@f姚红,程文华,张雅声编著
210    @a北京@c国防工业出版社@d2018.01
215    @a130页@d24cm
330    @a本书介绍了飞行器动力学与控制及其Simulink仿真实现的一些相关理论和技术问题。本书共分六章,第一章介绍了飞行器动力学与控制的基础知识并给出了仿真实例,第二章介绍了弹道导弹姿态控制系统的设计以及六自由度全弹道仿真,第三章介绍了高超声速再入滑翔飞行器的平衡滑翔弹道以及跳跃滑翔弹道,第四章介绍了航天器编队的相对运动模型和多脉冲控制方法,第五章介绍了航天器姿态动力学、姿态确定与控制,第六章介绍了磁悬浮转子的动力学模型及其控制。
606 0  @a飞行器@x姿态飞行控制@x动力学@x自动控制系统@x系统仿真
690    @aV412.4-39@v5
701  0 @a姚红@9yao hong@4编著
701  0 @a程文华@9cheng wen hua@4编著
701  0 @a张雅声@9zhang ya sheng@4编著
801  0 @aCN@b91MARC@c20180412
905    @aMuseLib@dV412.4-39@e55
    
    飞行器动力学与控制Simulink仿真/姚红,程文华,张雅声编著.-北京:国防工业出版社,2018.01
    130页;24cm
    
    
    ISBN 978-7-118-11476-8:CNY60.00
    本书介绍了飞行器动力学与控制及其Simulink仿真实现的一些相关理论和技术问题。本书共分六章,第一章介绍了飞行器动力学与控制的基础知识并给出了仿真实例,第二章介绍了弹道导弹姿态控制系统的设计以及六自由度全弹道仿真,第三章介绍了高超声速再入滑翔飞行器的平衡滑翔弹道以及跳跃滑翔弹道,第四章介绍了航天器编队的相对运动模型和多脉冲控制方法,第五章介绍了航天器姿态动力学、姿态确定与控制,第六章介绍了磁悬浮转子的动力学模型及其控制。
●
相关链接 在E读中查询图书 在五车中查询图书 在当当中查询图书 在豆瓣中查询图书


正题名:飞行器动力学与控制Simulink仿真     索取号:V412.4-39/55         预约/预借

序号 登录号 条形码 馆藏地/架位号 状态 备注
1 1119504   211195044   第二样本阅览室/ [索取号:V412.4-39/55] 在馆    
2 1119505   211195053   第三借阅区/ [索取号:V412.4-39/55] 在馆    
3 1119506   211195062   第三借阅区/ [索取号:V412.4-39/55] 在馆    
4 1119507   211195071   第三借阅区/ [索取号:V412.4-39/55] 在馆    
5 1119508   211195080   密集书库-物理学院/ [索取号:V412.4-39/55] 在馆    
唐山师范学院图书馆 欢迎您!
大连网信软件有限公司© 版权所有